000 00824nam a2200265 a 4500
001 69207
003 BD-RjUL
005 20211209081847.0
008 170410s1967 enka 001 0 eng d
035 _a(BD-RjUL)69418
040 _aDLC
_cDLC
_dDLC
_dICU
_dBD-RjUL
_beng
041 _aeng
082 0 0 _a530
_223
_bSTT 1967
100 1 _aStevenson, Richard,
_9205049
245 1 0 _aTheory of physics :
_ban introductory course /
_cRichard Stevenson and R. B. Moore.
260 _aPhiladelphia :
_bSaunders,
_c1967.
300 _axvi, 795 p. :
_bill. ;
_c26 cm.
500 _aIncludes Indexes
650 0 _aPhysics.
_9205051
700 1 _aMoore, R. B.
_q(Robert B.)
_ejoint author.
_9205052
830 _aSaunders physics books
_9205050
942 _2ddc
_cBK
999 _c69207
_d69207